América Latina y las nuevas corrientes financieras y comerciales /

Este artículo explora las perspectivas de América Latina en materia de financiamiento y de comercio internacionales en los años noventa. Se concluye que el ambiente externo será probablemente poco propicio, si bien habrá oportunidades para apoyar los procesos de ajuste estructural en los países de l...

Full description

Saved in:
Bibliographic Details
Main Author: Devlin, Robert
Other Authors: Guerguil, Martine
Format: Text
Subjects:
Tags: Add Tag
No Tags, Be the first to tag this record!

MARC

LEADER 00000 a a2200000 04500
001 15794
003
040
100 |a Devlin, Robert  
245 |a América Latina y las nuevas corrientes financieras y comerciales /  |c Robert Devlin 
520 |a Este artículo explora las perspectivas de América Latina en materia de financiamiento y de comercio internacionales en los años noventa. Se concluye que el ambiente externo será probablemente poco propicio, si bien habrá oportunidades para apoyar los procesos de ajuste estructural en los países de la región. Las perspectivas de financiamiento externo son sombrías para la mayoría de los países de la región, que todavía padece de sobreendeudamiento los mayores flujos financieros provendrán inicialmente de la disminución del valor presente de la deuda antigua, mediante acciones concertadas o unilaterales. No obstante, los países de la región pueden aprovechar ciertos mecanismos crediticios y de inversión (financiamiento de nicho) que dan acceso al capital extranjero a pesar del sobrendeudamiento existente. Los pocos que han superado esta última condición tienen posibilidades de iniciar una nueva inserción en los mercados internacionales de capital. REV//jmml  
650 |a COMERCIO  
650 |a MERCADOS  
650 |a MOVIMIENTOS DE CAPITAL  
700 |a Guerguil, Martine  
773 |g número 43; páginas 23-50  
999 |c 24918  |d 24918 
773 0 |0 18890  |9 4890  |a Comisión Económica para América Latina y el Caribe  |d Santiago, Chile: Comisión Económica para América Latina y el Caribe  |o MFN: 1279  |t Revista de la CEPAL /